00397nam a2200157Ia 45000010006000000050017000060080041000230410008000640820017000721000025000892450072001142600009001863000028001956500008002236540008002311855420260306171639.0260306s9999||||xx |||||||||||||| ||und|| aESP a658.408bP61 aPirson, MichaeleAUT 0aHumanistic management:bprotecting dignity and promoting well-being c2017 a293 páginas :c23 cm. aGEN aCAN